Statistics for One Toronto Raptors Player By Season

Click here to take the quiz!

General Stats

  • This quiz has been taken 212 times
    (17 since last reset)
  • The average score is 27 of 29

Answer Stats

SeasonPlayersFull List% Correct
2023-24Scottie Barnes | Pascal Siakam | RJ Barrett | Immanuel Quickley | OG Anunoby | Dennis Schröder | Gary Trent Jr. | Jakob Poeltl | Kelly Olynyk | Bruce Brown | Ochai Agbaji | Gradey Dick | Javon Freeman-Liberty | Precious Achiuwa | Jahmi'us Ramsey | Kobi Simmons | Jordan Nwora | Malachi Flynn | Malik Williams | Thaddeus Young | Chris Boucher | Jontay Porter | Otto Porter Jr. | Mouhamadou Gueye | Jalen McDaniels | Garrett Temple | D.J. Carton | Markquis Nowell | Ron Harper Jr. | Kira Lewis Jr.
100%
2021-22Fred VanVleet | Pascal Siakam | OG Anunoby | Scottie Barnes | Gary Trent Jr. | Juwan Morgan | Precious Achiuwa | Tremont Waters | Chris Boucher | Khem Birch | Goran Dragić | Thaddeus Young | D.J. Wilson | Svi Mykhailiuk | Yuta Watanabe | Dalano Banton | Daniel Oturu | Malachi Flynn | Justin Champagnie | Isaac Bonga | David Johnson | Sam Dekker | Armoni Brooks
100%
2018-19Kawhi Leonard | Kyle Lowry | Pascal Siakam | Marc Gasol | Serge Ibaka | Danny Green | Fred VanVleet | Jonas Valančiūnas | OG Anunoby | Jeremy Lin | Norman Powell | Delon Wright | C.J. Miles | Patrick McCaw | Jodie Meeks | Greg Monroe | Eric Moreland | Lorenzo Brown | Malcolm Miller | Chris Boucher | Malachi Richardson | Jordan Loyd
100%
2017-18DeMar DeRozan | Kyle Lowry | Jonas Valančiūnas | Serge Ibaka | Pascal Siakam | OG Anunoby | Fred VanVleet | Delon Wright | C.J. Miles | Jakob Poeltl | Norman Powell | Lorenzo Brown | Lucas Nogueira | Malcolm Miller | Malachi Richardson | Alfonzo McKinnie | Bruno Caboclo | Nigel Hayes
100%
2016-17DeMar DeRozan | Kyle Lowry | Jonas Valančiūnas | Serge Ibaka | DeMarre Carroll | P.J. Tucker | Cory Joseph | Patrick Patterson | Terrence Ross | Lucas Nogueira | Norman Powell | Delon Wright | Pascal Siakam | Jakob Poeltl | Jared Sullinger | Fred VanVleet | Bruno Caboclo
100%
2003-04Vince Carter | Chris Bosh | Jalen Rose | Donyell Marshall | Antonio Davis | Alvin Williams | Jerome Williams | Morris Peterson | Milt Palacio | Rod Strickland | Corie Blount | Michael Curry | Lamond Murray | Jannero Pargo | Lonny Baxter | Dion Glover | Roger Mason | Jérôme Moïso | Robert Archibald | Michael Bradley | Mengke Bateer | Chris Jefferies | Rick Brunson
100%
2004-05Vince Carter | Chris Bosh | Rafer Alston | Jalen Rose | Morris Peterson | Donyell Marshall | Milt Palacio | Matt Bonner | Eric Williams | Loren Woods | Omar Cook | Lamond Murray | Rafael Araújo | Pape Sow | Jérôme Moïso | Aaron Williams
100%
2022-23Pascal Siakam | OG Anunoby | Fred VanVleet | Scottie Barnes | Gary Trent Jr. | Chris Boucher | Precious Achiuwa | Otto Porter Jr. | Juancho Hernangómez | Thaddeus Young | Christian Koloko | Malachi Flynn | Dalano Banton | Khem Birch | Jeff Dowtin | Ron Harper Jr. | Justin Champagnie | Jakob Poeltl | Will Barton | Joe Wieskamp
100%
2006-07Chris Bosh | Andrea Bargnani | José Calderón | Morris Peterson | Rasho Nesterović | T.J. Ford | Anthony Parker | Jorge Garbajosa | Juan Dixon | Fred Jones | Joey Graham | Luke Jackson | Kris Humphries | Darrick Martin | Pape Sow | P.J. Tucker | Uroš Slokar
94%
1998-99Vince Carter | Tracy McGrady | Doug Christie | Charles Oakley | Kevin Willis | Dee Brown | Alvin Williams | John Wallace | John Thomas | Michael Stewart | Negele Knight | Reggie Slater | Micheal Williams | Sean Marks | LaMark Baker | William Cunningham
94%
1999-00Vince Carter | Tracy McGrady | Antonio Davis | Doug Christie | Charles Oakley | Muggsy Bogues | Kevin Willis | Dee Brown | Dell Curry | Alvin Williams | Michael Stewart | John Thomas | Aleksandar Radojević | Haywoode Workman | Antonio Lang | Sean Marks
94%
2000-01Vince Carter | Charles Oakley | Antonio Davis | Mark Jackson | Alvin Williams | Morris Peterson | Kevin Willis | Chris Childs | Corliss Williamson | Keon Clark | Jerome Williams | Dell Curry | Tracy Murray | Muggsy Bogues | Kornél Dávid | Tyrone Corbin | Eric Montross | Michael Stewart | Garth Joseph | Mamadou N'Diaye
94%
2001-02Vince Carter | Antonio Davis | Alvin Williams | Morris Peterson | Hakeem Olajuwon | Keon Clark | Jerome Williams | Chris Childs | Dell Curry | Eric Montross | Tracy Murray | Jermaine Jackson | Mamadou N'Diaye | Michael Stewart | Derrick Dial | Carlos Arroyo | Michael Bradley
94%
2002-03Vince Carter | Morris Peterson | Antonio Davis | Alvin Williams | Jerome Williams | Voshon Lenard | Lindsey Hunter | Damone Brown | Rafer Alston | Jelani McCoy | Michael Bradley | Greg Foster | Mamadou N'Diaye | Chris Jefferies | Jermaine Jackson | Art Long | Nate Huffman | Maceo Baston | Zendon Hamilton
94%
2005-06Chris Bosh | Morris Peterson | José Calderón | Jalen Rose | Antonio Davis | Mike James | Charlie Villanueva | Matt Bonner | Joey Graham | Andre Barrett | Pape Sow | Eric Williams | Loren Woods | Rafael Araújo | Alvin Williams | Darrick Martin | Aaron Williams
94%
2009-10Chris Bosh | DeMar DeRozan | Andrea Bargnani | Hedo Türkoğlu | Jarrett Jack | José Calderón | Antoine Wright | Sonny Weems | Amir Johnson | Marco Belinelli | Marcus Banks | Reggie Evans | Rasho Nesterović | Pops Mensah-Bonsu | Patrick O'Bryant
94%
2007-08Chris Bosh | Andrea Bargnani | José Calderón | Anthony Parker | Jamario Moon | Carlos Delfino | T.J. Ford | Rasho Nesterović | Jason Kapono | Kris Humphries | Juan Dixon | Jorge Garbajosa | Joey Graham | Primož Brezec | Darrick Martin | Maceo Baston | Linton Johnson
94%
2008-09Chris Bosh | Andrea Bargnani | José Calderón | Shawn Marion | Anthony Parker | Jermaine O'Neal | Jamario Moon | Jason Kapono | Joey Graham | Will Solomon | Pops Mensah-Bonsu | Roko Ukić | Patrick O'Bryant | Quincy Douby | Kris Humphries | Marcus Banks | Jake Voskuhl | Hassan Adams | Nathan Jawai
94%
2010-11DeMar DeRozan | Andrea Bargnani | José Calderón | James Johnson | Jarrett Jack | Reggie Evans | Linas Kleiza | Amir Johnson | Ed Davis | Leandro Barbosa | Sonny Weems | Jerryd Bayless | Sundiata Gaines | Julian Wright | David Andersen | Joey Dorsey | Trey Johnson | Peja Stojaković | Alexis Ajinça | Marcus Banks | Solomon Alabi | Ronald Dupree
94%
2011-12DeMar DeRozan | José Calderón | Andrea Bargnani | Alan Anderson | James Johnson | Amir Johnson | Ed Davis | Jerryd Bayless | Leandro Barbosa | Ben Uzoh | Linas Kleiza | Justin Dentmon | Aaron Gray | Gary Forbes | Rasual Butler | Jamaal Magloire | Anthony Carter | Solomon Alabi
94%
2012-13DeMar DeRozan | Kyle Lowry | Jonas Valančiūnas | Rudy Gay | Andrea Bargnani | Amir Johnson | José Calderón | Ed Davis | Alan Anderson | Landry Fields | Mickaël Piétrus | Linas Kleiza | Terrence Ross | Dominic McGuire | Sebastian Telfair | John Lucas III | Aaron Gray | Quincy Acy
94%
2013-14DeMar DeRozan | Kyle Lowry | Jonas Valančiūnas | Rudy Gay | Terrence Ross | Amir Johnson | Patrick Patterson | Greivis Vásquez | John Salmons | Tyler Hansbrough | Chuck Hayes | Landry Fields | Dwight Buycks | Steve Novak | Nando De Colo | Quincy Acy | D.J. Augustin | Julyan Stone | Aaron Gray | Austin Daye
94%
2014-15DeMar DeRozan | Kyle Lowry | Jonas Valančiūnas | Terrence Ross | Patrick Patterson | Amir Johnson | Lou Williams | Greivis Vásquez | James Johnson | Tyler Hansbrough | Chuck Hayes | Landry Fields | Greg Stiemsma | Lucas Nogueira | Bruno Caboclo
94%
2015-16DeMar DeRozan | Kyle Lowry | Jonas Valančiūnas | DeMarre Carroll | Terrence Ross | Cory Joseph | Patrick Patterson | Bismack Biyombo | Luis Scola | James Johnson | Jason Thompson | Norman Powell | Delon Wright | Lucas Nogueira | Bruno Caboclo | Anthony Bennett
94%
2019-20Kyle Lowry | Pascal Siakam | Fred VanVleet | Marc Gasol | Serge Ibaka | OG Anunoby | Norman Powell | Patrick McCaw | Rondae Hollis-Jefferson | Terence Davis | Chris Boucher | Matt Thomas | Paul Watson | Oshae Brissett | Stanley Johnson | Malcolm Miller | Dewan Hernandez | Shamorie Ponds
94%
2020-21Kyle Lowry | Pascal Siakam | Fred VanVleet | OG Anunoby | Norman Powell | Gary Trent | Chris Boucher | Aron Baynes | Rodney Hood | Matt Thomas | Alex Len | Stanley Johnson | Yuta Watanabe | Terence Davis | DeAndre' Bembry | Paul Watson | Malachi Flynn | Jalen Harris | Henry Ellenson | Patrick McCaw | Khem Birch | Freddie Gillespie
94%
1997-98Damon Stoudamire | Doug Christie | Marcus Camby | Chauncey Billups | Walt Williams | Dee Brown | John Wallace | Gary Trent | Oliver Miller | Popeye Jones | Reggie Slater | Carlos Rogers | Žan Tabak | Tracy McGrady | Alvin Williams | Shawn Respert | Lloyd Daniels | Roy Rogers | John Thomas | Chris Garner | Tim Kempton | Sharone Wright | Bob McCann | Ed Stokes
81%
1996-97Damon Stoudamire | Doug Christie | Walt Williams | Popeye Jones | Marcus Camby | Carlos Rogers | Clifford Rozier | Hubert Davis | Sharone Wright | Žan Tabak | Oliver Miller | Reggie Slater | Shawn Respert | Acie Earl | John Long | Benoit Benjamin | Jimmy Oliver | Donald Whiteside | Brad Lohaus | Martin Lewis | Earl Cureton
56%
1995-96Damon Stoudamire | Oliver Miller | Alvin Robertson | Willie Anderson | Herb Williams | Tracy Murray | Dan O'Sullivan | Tony Massenburg | Sharone Wright | Doug Christie | Ed Pinckney | Žan Tabak | John Salley | Carlos Rogers | Acie Earl | Dwayne Whitfield | Jimmy King | Martin Lewis | Vincenzo Esposito
56%

Score Distribution

Percentile by Number Answered

Percent of People with Each Score

Your Score History

You have not taken this quiz since the last reset